[Event "TCh-FRA Top 16 GpA 2022"]
[Site "Chartres FRA"]
[Date "2022.06.11"]
[Round "3.3"]
[Board "6"]
[White "Mendeiros, Jerome"]
[Black "Maze, Sebastien"]
[Result "0-1"]
[BlackTitle "GM"]
[WhiteElo "2097"]
[BlackElo "2529"]
[WhiteTeam "Club 608 d'Echecs Paris"]
[BlackTeam "Bischwiller"]
[WhiteFideId "607975"]
[BlackFideId "613762"]
[EventDate "2022.06.09"]

1. e4 c5 2. Nf3 Nc6 3. d3 g6 4. g3 Bg7 5. Bg2 Nf6 6. O-O d5 7. exd5 Nxd5 8. Re1
O-O 9. Nbd2 e5 10. Nc4 Re8 11. a4 f6 12. c3 Be6 13. Qc2 Qc7 14. b3 Rad8 15. Bb2
Bf7 16. Rad1 a6 17. Nfd2 b5 18. axb5 axb5 19. Ne3 Nxe3 20. fxe3 f5 21. b4 e4 22.
dxe4 Ne5 23. bxc5 Nd3 24. Re2 b4 25. Ba1 Qxc5 26. Nb3 Qb5 27. Nd4 Bxd4 28. exd4
b3 29. Qd2 Bc4 30. Rb1 Nc5 31. Ree1 Nxe4 32. Bxe4 fxe4 33. Bb2 Ra8 34. Ra1 Ra2
35. Rxa2 bxa2 36. Ba3 Ra8 0-1

[Event "TCh-FRA Top 16 GpA 2022"]
[Site "Chartres FRA"]
[Date "2022.06.11"]
[Round "3.3"]
[Board "7"]
[White "Le Roux, Jean-Pierre"]
[Black "Lemonnier, Remi"]
[Result "0-1"]
[WhiteTitle "GM"]
[WhiteElo "2513"]
[BlackElo "2033"]
[WhiteTeam "Bischwiller"]
[BlackTeam "Club 608 d'Echecs Paris"]
[WhiteFideId "609404"]
[BlackFideId "648280"]
[EventDate "2022.06.09"]

1. d4 d5 2. c4 c6 3. Nf3 Nf6 4. Nbd2 Bf5 5. Nh4 Be4 6. e3 e6 7. Be2 h6 8. Qb3
Qc7 9. Nxe4 Nxe4 10. Nf3 Nd7 11. Bd3 Ndf6 12. Qc2 Bb4+ 13. Kf1 b6 14. cxd5 exd5
15. Ne5 O-O 16. f3 Ng5 17. Qxc6 Qe7 18. Ba6 Bd6 19. Nd3 Qe6 20. Qc2 Rfe8 21. Qe2
Re7 22. Bd2 Rae8 23. Nf2 Nh5 24. g4 Nf4 25. exf4 Qxe2+ 26. Bxe2 Rxe2 27. fxg5
Rxd2 28. Rd1 0-1

[Event "TCh-FRA Top 16 GpA 2022"]
[Site "Chartres FRA"]
[Date "2022.06.11"]
[Round "3.3"]
[Board "8"]
[White "Auvray, Juliette"]
[Black "Maisuradze, Nino"]
[Result "0-1"]
[BlackTitle "WGM"]
[WhiteElo "1970"]
[BlackElo "2210"]
[WhiteTeam "Club 608 d'Echecs Paris"]
[BlackTeam "Bischwiller"]
[WhiteFideId "695904"]
[BlackFideId "13601717"]
[EventDate "2022.06.09"]

1. e4 c5 2. Nf3 Nc6 3. d4 cxd4 4. Nxd4 g6 5. Nc3 Bg7 6. Be3 Nf6 7. Bc4 O-O 8.
Bb3 Re8 9. f3 e6 10. Qd2 d5 11. O-O-O Nxd4 12. Bxd4 e5 13. Bf2 d4 14. Ne2 a5 15.
Ba4 Bd7 16. Bxd7 Qxd7 17. c3 Qe6 18. Kb1 dxc3 19. Nxc3 a4 20. Bh4 a3 21. Bxf6
Bxf6 22. b3 Rec8 23. Nd5 Rc6 24. h4 Rac8 25. h5 g5 26. g4 h6 27. Rc1 Be7 28.
Rhd1 Bc5 29. Rc2 Bd4 30. Rxc6 bxc6 31. Ne3 Rb8 32. Qd3 Bxe3 33. Qxe3 c5 34. Rc1
c4 35. Rc3 Kg7 36. Kc2 cxb3+ 37. Rxb3 Qc4+ 38. Kb1 Rc8 39. Qe1 Qc2+ 40. Ka1 Rd8
41. Rb1 Rd2 0-1

[Event "TCh-FRA Top 16 GpA 2022"]
[Site "Chartres FRA"]
[Date "2022.06.11"]
[Round "3.4"]
[Board "1"]
[White "Jones, Gawain C B"]
[Black "Bailet, Pierre"]
[Result "1/2-1/2"]
[WhiteTitle "GM"]
[BlackTitle "IM"]
[WhiteElo "2665"]
[BlackElo "2512"]
[WhiteTeam "L'Echiquier Chalonnais"]
[BlackTeam "Club d'Echecs Metz Fischer"]
[WhiteFideId "409561"]
[BlackFideId "655830"]
[EventDate "2022.06.09"]

1. e4 e5 2. Nf3 Nc6 3. Bc4 Nf6 4. d3 Be7 5. O-O O-O 6. Nc3 d6 7. a4 Bg4 8. h3
Bh5 9. Be3 Nd4 10. Bxd4 exd4 11. Nd5 Nxd5 12. Bxd5 c6 13. Bb3 d5 14. exd5 Bd6
15. dxc6 bxc6 16. g4 Bg6 17. Qd2 Qf6 18. Kg2 Rab8 19. Qg5 Bxd3 20. cxd3 Qxg5 21.
Bxf7+ Rxf7 22. Nxg5 Rfb7 23. Ne6 c5 24. Rac1 Rxb2 25. Nxc5 Bxc5 26. Rxc5 Rd2 27.
Rc7 Rf8 28. Rxa7 h5 29. Rd7 hxg4 30. Rxd4 gxh3+ 31. Kxh3 Rfxf2 32. Rxf2 Rxf2 33.
Kg4 Ra2 34. Kf5 Kf7 35. Rd7+ Ke8 36. Ra7 Rd2 37. Ke4 g5 38. a5 g4 39. a6 g3 40.
Ra8+ Kf7 41. a7 Ra2 42. Rb8 Rxa7 43. Kf3 Ke6 44. Kxg3 Rf7 45. Rb4 Kd5 46. Rf4
Rxf4 47. Kxf4 Kd4 48. Kf3 Kxd3 1/2-1/2

[Event "TCh-FRA Top 16 GpA 2022"]
[Site "Chartres FRA"]
[Date "2022.06.11"]
[Round "3.4"]
[Board "2"]
[White "Feller, Sebastien"]
[Black "Grandelius, Nils"]
[Result "1/2-1/2"]
[WhiteTitle "GM"]
[BlackTitle "GM"]
[WhiteElo "2574"]
[BlackElo "2645"]
[WhiteTeam "Club d'Echecs Metz Fischer"]
[BlackTeam "L'Echiquier Chalonnais"]
[WhiteFideId "634654"]
[BlackFideId "1710400"]
[EventDate "2022.06.09"]

1. Nf3 d5 2. d4 Nf6 3. c4 c6 4. cxd5 cxd5 5. Nc3 Nc6 6. Bf4 a6 7. Rc1 Bf5 8. Ne5
Rc8 9. f3 Bd7 10. e4 e6 11. exd5 Nxd5 12. Nxd5 exd5 13. Nxc6 Rxc6 14. Rxc6 Bxc6
15. Bd3 Bb4+ 16. Kf2 O-O 17. Qc2 h6 18. a3 Ba5 19. g3 Bb6 20. Be3 Qf6 21. Rd1
Re8 22. Bf1 h5 23. Qd2 g6 24. Kg2 h4 25. Kf2 Bd7 26. b3 Re4 27. Be2 Bh3 28. Kg1
Re8 29. Kf2 Bd7 30. Bf1 Qe7 31. a4 Ba5 32. Qe2 Qb4 33. Qa2 Qc3 34. Bf4 Re1 35.
Qb1 hxg3+ 36. hxg3 Bf5 37. Qc1 Rxd1 38. Qxd1 Bb6 39. g4 Bxd4+ 40. Kg3 Be6 41.
Qd2 Be5 42. Qxc3 Bxc3 43. Kf2 Kf8 44. Bd6+ Ke8 45. Bd3 Kd7 46. Bf8 d4 47. b4 Bd2
48. Ke2 Bf4 49. Bc5 Bd6 50. Be4 Bc4+ 51. Kd2 b6 52. Bxb6 Bxb4+ 53. Kc2 Bc3 54.
Bd3 Bd5 55. Bxa6 Bxf3 56. Bb5+ Kc8 57. g5 Kb7 58. Bd8 Be4+ 59. Bd3 Bd5 60. a5
Kc8 61. Bb6 Kb7 62. Bd8 Kc8 63. Bb6 Kb7 64. Bd8 Bb4 65. a6+ Ka7 66. Bb5 Be4+ 67.
Bd3 Bxd3+ 68. Kxd3 Kxa6 69. Kxd4 Kb7 70. Ke4 Kc8 71. Bf6 Kd7 72. Kf4 Ke6 73. Kg4
Be7 74. Bc3 f5+ 75. gxf6 Bxf6 76. Bd2 g5 77. Bxg5 Bxg5 1/2-1/2

[Event "TCh-FRA Top 16 GpA 2022"]
[Site "Chartres FRA"]
[Date "2022.06.11"]
[Round "3.4"]
[Board "3"]
[White "Korobov, Anton"]
[Black "Postny, Evgeny"]
[Result "1-0"]
[WhiteTitle "GM"]
[BlackTitle "GM"]
[WhiteElo "2675"]
[BlackElo "2562"]
[WhiteTeam "L'Echiquier Chalonnais"]
[BlackTeam "Club d'Echecs Metz Fischer"]
[WhiteFideId "14105730"]
[BlackFideId "2804344"]
[EventDate "2022.06.09"]

1. d4 d5 2. Nf3 Nf6 3. c4 e6 4. Nc3 Be7 5. Bg5 h6 6. Bh4 O-O 7. e3 b6 8. Be2
dxc4 9. Bxc4 Bb7 10. O-O Ne4 11. Nxe4 Bxe4 12. Bg3 Bd6 13. Rc1 Nd7 14. Bb5 Bxg3
15. hxg3 c5 16. Qa4 Nf6 17. dxc5 bxc5 18. Rxc5 Qb6 19. Qa3 Bd5 20. Be2 Rfc8 21.
Rfc1 Rxc5 22. Rxc5 Ne4 23. Rc2 a5 24. b3 Qb4 25. Qc1 a4 26. bxa4 Qxa4 27. Ne5
Nd6 28. Bf3 Bxf3 29. gxf3 f6 30. Nc6 Nf5 31. e4 Nd6 32. e5 fxe5 33. Nxe5 Qd4 34.
Qe1 Nf5 35. Kg2 Rf8 36. Qe4 Qd6 37. a4 Ne7 38. a5 Qa6 39. Rc5 Nd5 40. Nc6 Rf6
41. Qc4 Qb7 42. a6 Qb2 43. Rxd5 exd5 44. Qxd5+ Kh7 45. Ne7 1-0

[Event "TCh-FRA Top 16 GpA 2022"]
[Site "Chartres FRA"]
[Date "2022.06.11"]
[Round "3.4"]
[Board "4"]
[White "Migot, Tangi"]
[Black "David, Alberto"]
[Result "0-1"]
[WhiteTitle "IM"]
[BlackTitle "GM"]
[WhiteElo "2353"]
[BlackElo "2520"]
[WhiteTeam "Club d'Echecs Metz Fischer"]
[BlackTeam "L'Echiquier Chalonnais"]
[WhiteFideId "662445"]
[BlackFideId "4000013"]
[EventDate "2022.06.09"]

1. d4 Nf6 2. Nf3 b6 3. e3 e6 4. Bd3 Bb7 5. O-O Be7 6. c4 O-O 7. b3 c5 8. dxc5
bxc5 9. Bb2 d6 10. Nbd2 Nbd7 11. Qc2 h6 12. Ne4 Nxe4 13. Bxe4 Bxe4 14. Qxe4 a5
15. Rfd1 a4 16. Nd2 Ra6 17. Qb7 Qc8 18. Qxc8 Rxc8 19. Kf1 Rb8 20. Ke2 f5 21. Bc3
Bf6 22. Bxf6 Nxf6 23. f3 Kf7 24. Rdb1 Ke7 25. Kd3 Nd7 26. Kc3 axb3 27. axb3 Rba8
28. Rxa6 Rxa6 29. f4 g5 30. g3 Nf6 31. Kb2 Ng4 32. Nf3 Kf6 33. Re1 Nf2 34. Re2
Nd3+ 35. Kc3 Nb4 36. Ne1 e5 37. Nd3 Na2+ 38. Kb2 e4 39. Nf2 Nb4 40. Rd2 gxf4 41.
gxf4 Ke6 42. Kb1 Ra3 43. Kb2 Ra2+ 44. Kc3 Ra1 45. Rd1 Ra7 46. Rd2 Rg7 47. Nh3
Rg8 48. Rd1 Nd3 49. Rg1 Ra8 50. Rg2 Ra1 51. Re2 Rf1 52. Kd2 Nc1 53. Rg2 Nxb3+
54. Kc3 Na5 55. Rg6+ Kd7 56. Rxh6 Rf3 57. Ng5 Rxe3+ 58. Kc2 Nxc4 59. h4 Re2+ 60.
Kc3 Ne3 61. h5 Nd5+ 62. Kb3 Nxf4 63. Rh7+ Kc6 64. h6 Rh2 65. Rf7 Rxh6 66. Rxf5
Ne6 0-1

[Event "TCh-FRA Top 16 GpA 2022"]
[Site "Chartres FRA"]
[Date "2022.06.11"]
[Round "3.4"]
[Board "5"]
[White "Fedorchuk, Sergey A."]
[Black "Pucher, Olivier"]
[Result "1-0"]
[WhiteTitle "GM"]
[BlackTitle "FM"]
[WhiteElo "2612"]
[BlackElo "2341"]
[WhiteTeam "L'Echiquier Chalonnais"]
[BlackTeam "Club d'Echecs Metz Fischer"]
[WhiteFideId "14102536"]
[BlackFideId "620203"]
[EventDate "2022.06.09"]

1. e4 d6 2. d4 Nf6 3. Nc3 g6 4. Be3 c6 5. h3 Bg7 6. Qd2 O-O 7. Nf3 Nbd7 8. Bd3
e5 9. O-O Re8 10. Rfe1 b5 11. a3 a6 12. Bh6 Qb6 13. dxe5 Nxe5 14. Be2 Bb7 15.
Rad1 Rad8 16. Bg5 d5 17. Qf4 Nxf3+ 18. Bxf3 d4 19. Bxf6 Bxf6 20. Qxf6 dxc3 21.
bxc3 Bc8 22. e5 Be6 23. Rd6 Rxd6 24. exd6 c5 25. d7 Rf8 26. Bg4 Qd8 27. Rxe6 1-0

[Event "TCh-FRA Top 16 GpA 2022"]
[Site "Chartres FRA"]
[Date "2022.06.11"]
[Round "3.4"]
[Board "6"]
[White "Taddei, Benoit"]
[Black "Velten, Paul"]
[Result "0-1"]
[WhiteTitle "FM"]
[BlackTitle "GM"]
[WhiteElo "2279"]
[BlackElo "2486"]
[WhiteTeam "Club d'Echecs Metz Fischer"]
[BlackTeam "L'Echiquier Chalonnais"]
[WhiteFideId "610151"]
[BlackFideId "681091"]
[EventDate "2022.06.09"]

1. d4 c5 2. d5 e6 3. e4 exd5 4. exd5 d6 5. Nc3 Nf6 6. Nf3 Bg4 7. h3 Bh5 8. Be2
Be7 9. O-O O-O 10. g4 Bg6 11. Nd2 Nfd7 12. f4 h6 13. f5 Bh7 14. Nc4 Nb6 15. Bf4
Nxc4 16. Bxc4 Nd7 17. a4 Bf6 18. Qd3 Bd4+ 19. Kg2 Ne5 20. Bxe5 Bxe5 21. Rae1 Re8
22. Ne4 a6 23. c3 Rb8 24. Nd2 Qd7 25. a5 g6 26. Qc2 g5 27. Bb3 Qc7 28. Nc4 Bf4
29. Ba4 Re7 30. Qf2 Kg7 31. Rxe7 Qxe7 32. Re1 Qc7 33. Re4 f6 34. Qe2 Be5 35. Qd3
Bg8 36. Bc2 Bf7 37. Nb6 h5 38. Re1 Rh8 39. Rh1 Bf4 40. Qf3 c4 41. Be4 Qc5 42.
Qf2 Qb5 43. h4 Re8 44. Re1 hxg4 45. hxg5 Bxg5 46. Re2 Re5 47. Qd4 Qe8 48. Nxc4
Rxd5 49. Nxd6 Qe7 50. Nxf7 Rxd4 51. Nxg5 Rd6 52. Ne6+ Rxe6 53. fxe6 Qxe6 54.
Bxb7 0-1

[Event "TCh-FRA Top 16 GpA 2022"]
[Site "Chartres FRA"]
[Date "2022.06.11"]
[Round "3.4"]
[Board "7"]
[White "Guilleux, Fabien"]
[Black "Fardet, Elouan"]
[Result "1-0"]
[WhiteTitle "IM"]
[WhiteElo "2385"]
[BlackElo "2189"]
[WhiteTeam "L'Echiquier Chalonnais"]
[BlackTeam "Club d'Echecs Metz Fischer"]
[WhiteFideId "657883"]
[BlackFideId "45163596"]
[EventDate "2022.06.09"]

1. Nf3 Nf6 2. g3 g6 3. Bg2 Bg7 4. O-O O-O 5. c4 d6 6. d4 Nc6 7. Nc3 a6 8. d5 Na5
9. b3 c5 10. dxc6 Nxc6 11. Bb2 Qa5 12. Rc1 Qh5 13. h4 Bh6 14. e3 Bg7 15. Qd2 Bf5
16. Nd5 Ne4 17. Qe2 e5 18. Qe1 Nc5 19. Qc3 Nd3 20. Rc2 Nxb2 21. Rxb2 e4 22. Nd4
Rae8 23. Rd2 g5 24. hxg5 Qxg5 25. Qc1 Ne5 26. Nxf5 Qxf5 27. Qc2 Nf3+ 28. Bxf3
Qxf3 29. Qd1 Qf5 30. Kg2 Re6 31. Rh1 Be5 32. Rh5 Qg6 33. Nf4 Bxf4 34. exf4 Qf6
35. f5 e3 36. Re2 Re5 37. Rxe3 Rxe3 38. fxe3 Re8 39. Qg4+ Kh8 40. Qd4 Re5 41. g4
Kg8 42. Qf4 d5 43. cxd5 Rxd5 44. Qh6 Rd2+ 45. Kf3 Qxh6 46. Rxh6 Rxa2 47. Rb6 Rb2
48. f6 h6 49. Rxb7 a5 50. Rb5 Kh7 51. e4 Kg6 52. e5 Rb1 53. Rb8 Kh7 54. Ke2 1-0

[Event "TCh-FRA Top 16 GpA 2022"]
[Site "Chartres FRA"]
[Date "2022.06.11"]
[Round "3.4"]
[Board "8"]
[White "Rouzes, Sibylle-Anne"]
[Black "Alexieva, Silvia"]
[Result "0-1"]
[BlackTitle "IM"]
[WhiteElo "1580"]
[BlackElo "2231"]
[WhiteTeam "Club d'Echecs Metz Fischer"]
[BlackTeam "L'Echiquier Chalonnais"]
[WhiteFideId "20676433"]
[BlackFideId "2902265"]
[EventDate "2022.06.09"]

1. d4 Nf6 2. Nf3 e6 3. Bf4 b6 4. h3 Bb7 5. Nbd2 Be7 6. e3 c5 7. c3 d6 8. Bb5+
Bc6 9. Bxc6+ Nxc6 10. O-O O-O 11. Qe2 Qd7 12. Rfd1 Qb7 13. a3 b5 14. b3 cxd4 15.
cxd4 Nd5 16. Qd3 Nxf4 17. exf4 d5 18. f5 Bf6 19. Nf1 g6 20. fxe6 fxe6 21. Ne3
Qb6 22. Ng4 Bg7 23. Nge5 Nxe5 24. Nxe5 Bxe5 25. dxe5 Rxf2 26. Kh1 Raf8 27. Rf1
a6 28. Rxf2 Qxf2 29. Qc3 Kg7 30. Rc1 Rf5 31. Qc7+ Kh6 32. Qc3 Rg5 33. Rg1 Rg3
34. Qc1+ Qe3 0-1

[Event "TCh-FRA Top 16 GpA 2022"]
[Site "Chartres FRA"]
[Date "2022.06.12"]
[Round "4.1"]
[Board "1"]
[White "Abasov, Nijat"]
[Black "Postny, Evgeny"]
[Result "1/2-1/2"]
[WhiteTitle "GM"]
[BlackTitle "GM"]
[WhiteElo "2635"]
[BlackElo "2562"]
[WhiteTeam "Grasse Echecs"]
[BlackTeam "Club d'Echecs Metz Fischer"]
[WhiteFideId "13402960"]
[BlackFideId "2804344"]
[EventDate "2022.06.09"]

1. d4 d5 2. Nf3 Nf6 3. c4 e6 4. g3 Bb4+ 5. Bd2 Be7 6. Bg2 O-O 7. O-O c6 8. Qc2
Nbd7 9. h4 b6 10. Nc3 Bb7 11. e4 Nxe4 12. Nxe4 dxe4 13. Ng5 c5 14. d5 exd5 15.
cxd5 Nf6 16. Nxe4 Bxd5 17. Rad1 Bxe4 18. Bxe4 Nxe4 19. Qxe4 Bf6 20. Bc3 Qe8 21.
Rfe1 Qxe4 22. Rxe4 Rad8 23. Rde1 Bxc3 24. bxc3 f5 25. Re7 Rf7 26. Re8+ Rxe8 27.
Rxe8+ Rf8 28. Re7 Rf7 29. Re8+ Rf8 30. Re7 f4 31. Kg2 f3+ 32. Kf1 Rd8 33. Ke1
Rd3 34. Rxa7 Rxc3 35. Kd2 Rc4 36. Ke3 Rc3+ 37. Kd2 Rc4 38. Ke3 Rc3+ 39. Ke4 1/2-1/2

[Event "TCh-FRA Top 16 GpA 2022"]
[Site "Chartres FRA"]
[Date "2022.06.12"]
[Round "4.1"]
[Board "2"]
[White "Ganguly, Surya Shekhar"]
[Black "Santos Ruiz, Miguel"]
[Result "1-0"]
[WhiteTitle "GM"]
[BlackTitle "GM"]
[WhiteElo "2616"]
[BlackElo "2588"]
[WhiteTeam "Club d'Echecs Metz Fischer"]
[BlackTeam "Grasse Echecs"]
[WhiteFideId "5002150"]
[BlackFideId "22291482"]
[EventDate "2022.06.09"]

1. d4 Nf6 2. c4 e6 3. Nc3 d5 4. cxd5 exd5 5. Bg5 c6 6. e3 h6 7. Bh4 Be7 8. Bd3
O-O 9. Nge2 Re8 10. O-O Nbd7 11. a4 Nh5 12. Bxe7 Qxe7 13. a5 Ndf6 14. Nc1 g6 15.
Be2 Ng7 16. Nd3 a6 17. Qb3 Nf5 18. Nc5 Nd6 19. Bd3 Bf5 20. Bxf5 gxf5 21. Qd1
Nfe4 22. N3xe4 Nxe4 23. Nd3 Qg5 24. Qc2 Re7 25. Rae1 Rae8 26. b3 Kh8 27. Nf4 Kg8
28. f3 Nf6 29. Qf2 Nd7 30. Re2 Nf8 31. h4 Qf6 32. g4 fxg4 33. fxg4 Ng6 34. Nh5
Qxf2+ 35. Rexf2 Rd8 36. g5 hxg5 37. hxg5 Nf8 38. Nf6+ Kg7 39. Ng4 Nh7 40. Nh6
Re4 41. Nxf7 Rg4+ 42. Kh2 Re8 43. Ne5 Rxg5 44. Rf7+ Kh8 45. Rxb7 Rh5+ 46. Kg3
Rg8+ 47. Kf3 Ng5+ 48. Ke2 Ne4 49. Kd3 Rg7 50. Rf8+ Kh7 51. Rbb8 Kh6 52. Rbc8 Rh2
53. Rh8+ 1-0

[Event "TCh-FRA Top 16 GpA 2022"]
[Site "Chartres FRA"]
[Date "2022.06.12"]
[Round "4.1"]
[Board "3"]
[White "Wirig, Anthony"]
[Black "Bailet, Pierre"]
[Result "1/2-1/2"]
[WhiteTitle "GM"]
[BlackTitle "IM"]
[WhiteElo "2520"]
[BlackElo "2512"]
[WhiteTeam "Grasse Echecs"]
[BlackTeam "Club d'Echecs Metz Fischer"]
[WhiteFideId "615013"]
[BlackFideId "655830"]
[EventDate "2022.06.09"]

1. d4 Nf6 2. Nf3 g6 3. c4 Bg7 4. g3 O-O 5. Bg2 d6 6. O-O Nbd7 7. Nc3 e5 8. e4 a6
9. h3 b5 10. dxe5 dxe5 11. Qe2 c6 12. a3 Qe7 13. Be3 Nc5 14. Rac1 Nfd7 15. b4
Ne6 16. Rfd1 1/2-1/2

[Event "TCh-FRA Top 16 GpA 2022"]
[Site "Chartres FRA"]
[Date "2022.06.12"]
[Round "4.1"]
[Board "4"]
[White "Visakh, N R"]
[Black "Parligras, Mircea-Emilian"]
[Result "1/2-1/2"]
[WhiteTitle "GM"]
[BlackTitle "GM"]
[WhiteElo "2506"]
[BlackElo "2579"]
[WhiteTeam "Club d'Echecs Metz Fischer"]
[BlackTeam "Grasse Echecs"]
[WhiteFideId "25012223"]
[BlackFideId "1204297"]
[EventDate "2022.06.09"]

1. d4 Nf6 2. c4 e6 3. Nf3 d5 4. Nc3 Bb4 5. cxd5 exd5 6. Bg5 h6 7. Bh4 Nbd7 8.
Qc2 g5 9. Bg3 Ne4 10. Nd2 Nxg3 11. hxg3 Nb6 12. a3 Bf8 13. e3 c6 14. Bd3 Be6 15.
O-O-O Qe7 16. Nb3 O-O-O 17. Kb1 Kb8 18. Rc1 h5 19. Nc5 h4 20. Ne2 Bc8 21. gxh4
Rxh4 22. Rxh4 gxh4 23. Bf5 Qg5 24. Bxc8 Rxc8 25. Nf4 Bd6 26. Ncd3 Nd7 27. Qe2
Rg8 28. Rh1 Nf8 1/2-1/2

[Event "TCh-FRA Top 16 GpA 2022"]
[Site "Chartres FRA"]
[Date "2022.06.12"]
[Round "4.1"]
[Board "5"]
[White "Demuth, Adrien"]
[Black "Feller, Sebastien"]
[Result "0-1"]
[WhiteTitle "GM"]
[BlackTitle "GM"]
[WhiteElo "2492"]
[BlackElo "2574"]
[WhiteTeam "Grasse Echecs"]
[BlackTeam "Club d'Echecs Metz Fischer"]
[WhiteFideId "642274"]
[BlackFideId "634654"]
[EventDate "2022.06.09"]

1. d4 d5 2. c4 c6 3. cxd5 cxd5 4. Bf4 Nc6 5. e3 Nf6 6. Nc3 Bf5 7. Nf3 e6 8. Qb3
Bb4 9. Ne5 Bxc3+ 10. Qxc3 Nxe5 11. Bxe5 O-O 12. Qb4 Rc8 13. Be2 Rc2 14. Bd1 Rc4
15. Qa3 Qb6 16. Bd6 Rfc8 17. Bc5 Qc6 18. b3 Rc3 19. O-O Bd3 20. Re1 Ne4 21. Bb4
Rc1 22. Bf3 Rc2 23. Bxe4 Bxe4 24. f3 Bxf3 25. gxf3 e5 26. Bd6 Qd7 0-1

[Event "TCh-FRA Top 16 GpA 2022"]
[Site "Chartres FRA"]
[Date "2022.06.12"]
[Round "4.1"]
[Board "6"]
[White "Lazarev, Vladimir"]
[Black "Milliet, Sophie"]
[Result "1/2-1/2"]
[WhiteTitle "GM"]
[BlackTitle "IM"]
[WhiteElo "2491"]
[BlackElo "2392"]
[WhiteTeam "Club d'Echecs Metz Fischer"]
[BlackTeam "Grasse Echecs"]
[WhiteFideId "4113250"]
[BlackFideId "623725"]
[EventDate "2022.06.09"]

1. d4 Nf6 2. c4 e6 3. Nc3 Bb4 4. Qc2 O-O 5. a3 Bxc3+ 6. Qxc3 d5 7. Nf3 b6 8. Bg5
dxc4 9. Qxc4 c5 10. dxc5 bxc5 11. Rd1 Qa5+ 12. Bd2 Qb6 13. b4 cxb4 14. Bxb4 Rd8
15. Rxd8+ Qxd8 16. e3 Bb7 17. Be2 Bd5 18. Qc2 Nc6 19. O-O Nxb4 20. axb4 1/2-1/2

[Event "TCh-FRA Top 16 GpA 2022"]
[Site "Chartres FRA"]
[Date "2022.06.12"]
[Round "4.1"]
[Board "7"]
[White "Loiseau, Quentin"]
[Black "Koch, Jean-Rene"]
[Result "1-0"]
[WhiteTitle "IM"]
[BlackTitle "IM"]
[WhiteElo "2442"]
[BlackElo "2441"]
[WhiteTeam "Grasse Echecs"]
[BlackTeam "Club d'Echecs Metz Fischer"]
[WhiteFideId "665274"]
[BlackFideId "600148"]
[EventDate "2022.06.09"]

1. e4 e5 2. Nf3 Nf6 3. Nxe5 d6 4. Nf3 Nxe4 5. d4 d5 6. Bd3 Nc6 7. O-O Be7 8. c4
Nb4 9. Be2 O-O 10. Nc3 Bf5 11. a3 Nxc3 12. bxc3 Nc6 13. Bf4 dxc4 14. Bxc4 Bd6
15. Bg5 Qd7 16. Nh4 Na5 17. Ba2 c5 18. dxc5 Bxc5 19. Nxf5 Qxf5 20. Bh4 Nc6 21.
Bb1 Qe5 22. Qf3 Rae8 23. Bg3 Qe7 24. Bc2 Bxa3 25. Bf4 f5 26. h4 Kh8 27. Rfd1 Bc5
28. Rd5 Qe2 29. Ba4 Qxf3 30. gxf3 Bb6 31. Rd7 Re2 32. Rxb7 Na5 33. Rd7 Rxf2 34.
Kh1 Nc4 35. Rg1 g6 36. Bh6 Rd8 37. Rxd8+ Bxd8 38. Re1 Nd6 39. Re6 Bxh4 40. Rxd6
Rxf3 41. Re6 Rf1+ 42. Kg2 Re1 43. Rc6 Re8 44. Rc4 Re2+ 45. Kh3 1-0

[Event "TCh-FRA Top 16 GpA 2022"]
[Site "Chartres FRA"]
[Date "2022.06.12"]
[Round "4.1"]
[Board "8"]
[White "Schippke, Manon"]
[Black "Barbot, Pierre1"]
[Result "1-0"]
[BlackTitle "IM"]
[WhiteElo "2120"]
[BlackElo "2451"]
[WhiteTeam "Club d'Echecs Metz Fischer"]
[BlackTeam "Grasse Echecs"]
[WhiteFideId "45100446"]
[BlackFideId "663727"]
[EventDate "2022.06.09"]

1. e4 c5 2. Nf3 Nc6 3. Bb5 Nf6 4. Nc3 Qc7 5. O-O Nd4 6. Re1 Ng4 7. e5 Nxf3+ 8.
Qxf3 Nxe5 9. Qg3 f6 10. f4 Nc6 11. b3 b6 12. Bd3 Bb7 13. Nb5 Qb8 14. Bxh7 a6 15.
Bg6+ Kd8 16. Nc3 e6 17. Bb2 Bd6 18. Rf1 Nd4 19. Rae1 Kc7 20. Ne4 Be7 21. Bxd4
cxd4 22. c3 f5 23. Ng5 Qf8 24. Rxe6 Rh6 25. cxd4 Bf6 26. Rc1+ Kd8 27. Re8+ Qxe8
28. Bxe8 Kxe8 29. Qe3+ Kf8 30. Re1 Bd5 31. Nf3 Bxf3 32. Qxf3 Bxd4+ 33. Kf1 Rd8
34. Qd5 Bf6 35. h3 g6 36. Qd6+ Kf7 37. Qxb6 Rh4 38. Qxa6 Rxf4+ 39. Kg1 Bd4+ 40.
Kh1 Bf2 41. Qd6 Bxe1 42. Qxf4 Re8 43. g4 Re4 44. Qd6 f4 45. Qxd7+ Re7 46. Qd5+
Kf8 47. Kg2 Bg3 48. Kf3 Re1 49. Qd3 Kg7 50. a4 Rh1 51. a5 Rxh3 52. Qd7+ Kf8 53.
g5 Rh1 54. a6 Rf1+ 55. Ke2 Re1+ 56. Kd3 1-0

[Event "TCh-FRA Top 16 GpA 2022"]
[Site "Chartres FRA"]
[Date "2022.06.12"]
[Round "4.2"]
[Board "1"]
[White "Alonso Rosell, Alvar"]
[Black "Jones, Gawain C B"]
[Result "1-0"]
[WhiteTitle "GM"]
[BlackTitle "GM"]
[WhiteElo "2562"]
[BlackElo "2665"]
[WhiteTeam "Club 608 d'Echecs Paris"]
[BlackTeam "L'Echiquier Chalonnais"]
[WhiteFideId "2270544"]
[BlackFideId "409561"]
[EventDate "2022.06.09"]

1. d4 Nf6 2. c4 g6 3. Nc3 Bg7 4. e4 d6 5. h3 O-O 6. Be3 e5 7. d5 Na6 8. Be2 Ne8
9. Nf3 f5 10. g4 Nf6 11. gxf5 gxf5 12. exf5 Bxf5 13. Nh4 Bd7 14. Rg1 Kh8 15. Qc2
Nb4 16. Qb3 Nfxd5 17. Ng6+ hxg6 18. cxd5 a5 19. a3 Na6 20. Rxg6 Qh4 21. O-O-O
Nc5 22. Qc4 Qxc4 23. Bxc4 Be8 24. Rg3 Bh5 25. Rdg1 Rf7 26. Bxc5 dxc5 27. d6 Bh6+
28. Kb1 Rd7 29. Ne4 Rg7 30. dxc7 Rc8 31. Nf6 Bf3 32. Rxg7 Bxg7 33. Rxg7 Kxg7 34.
Be6 Rh8 35. Ng4 Bg2 36. Ne3 Be4+ 37. Kc1 b5 38. c8=Q Rxc8 39. Bxc8 Bc6 40. Ng4 1-0